| 000 | 01226nam a2200253Ia 4500 | ||
|---|---|---|---|
| 999 |
_c34498 _d34498 |
||
| 001 | 247 | ||
| 003 | GE_BSU | ||
| 005 | 20241017121324.0 | ||
| 008 | 181216s2005||||ge |||||||||||||| ||geo|| | ||
| 040 | _cGE_BSU | ||
| 041 | _ageo | ||
| 080 | _a616.31-089(075.8) ნ–48 | ||
| 100 |
_aნემსაძე, ომარ _923426 |
||
| 245 |
_aქირურგიული სტომატოლოგია : _c[სახელმძღვ.] / ომარ ნემსაძე. |
||
| 264 |
_aთბილისი _bდასტაქარი, _c2005 |
||
| 300 |
_a565 გვ.: _b სურ. ; _c20 სმ. |
||
| 541 | _h20ლ. | ||
| 653 | _aქირურგიული სტომატოლოგია | ||
| 653 | _aყბა-სახის მიდამოს ანთებითი დაავადებები | ||
| 653 | _a პაროდონტის დაავადებათა ქირურგიული მკურნალობა | ||
| 653 | _aსანერწყვე ჯირკვლების პათოლოგია | ||
| 653 | _a ყბა-სახის მიდამოს აღდგენითი ქირურგია. | ||
| 942 |
_cBK _2udc |
||